Регионална библиотека "Любен Каравелов" - Русе

Континенти и океани - вечното движение (Запис номер 57228)

MARC детайли
000 -Лидер
Контролно поле с фиксирана дължина 01529nam a2200313 c 4500
003 - Код на организацията, давaща контролен номер
Контролно поле BLK
005 - Дата и час на последна редакция
Контролно поле 20221205120938.0
008 - Елементи от данни с фиксирана дължина
fixed length control field 180408b bul|||||r ||||||| ||bul||
010 ## - Наследен системен номер
LC control number KNG00061222000
040 ## - Източник на каталожния запис
Идентификатор на билиотеката - собственик на записа BLK
041 ## - Код за език
Код за езика на текст/звукозапис или на отделно заглавие Български
Код за езика КДБФ Български
080 ## - УДК
Текстов определител УДК Континенти
УДК код - определител по УДК 551.41
УДК определител
УДК - код + определител 551.41
080 ## - УДК
Текстов определител УДК Океанология (океанография). Релеф на морското дъно - Общи въпроси, теория, наблюдения, прибори, приложна океанология, зони на морето и тяхното хоризонтално деление, морско равнище, вълни, при
УДК код - определител по УДК 551.46
УДК определител
УДК - код + определител 551.46
100 1# - Редна дума - Автор
Автор Николов, Тодор Георгиев
R(LIN) 247315
139 ## - Редно поле
Редна дума Николов, Тодор Георгиев
Авторски знак Николо - Н 74
245 10 - Сведения за заглавието
Заглавие Континенти и океани - вечното движение
Подзаглавни данни Моногр.
Редно поле (дума) Тодор Георгиев Николов.
257 ## - Страна на издаване
Страна на създаване/издаване България
260 ## - Област на издателските данни
-- София
Име на издателя, разпространителя и проч. Унив. изд. Св. Климент Охридски
Година на издаване 1991
300 ## - Физическа характеристика
Страници 223 с.
Илюстрации и др. с ил., 8 л. цв. ил.
Размери/Мащаб 24 см
380 ## - Жанр
Жанр Естествени науки. Математика
500 ## - Общи забележки
Забележка Библиогр. с. 211-213 ; Речник на термините
650 #4 - Допълнително описание по предмет – тема
Основно описание – тема или топоним Континенти - геология
9 (RLIN) 287443
650 #4 - Допълнително описание по предмет – тема
Основно описание – тема или топоним Океани - геология
9 (RLIN) 287444
852 ## - Местоположение
Форматна сигнатура Цб 167530
856 4# - Електронен адрес и достъп
Електронен формат pdf - файл
Път до файла /url/
856 4# - Електронен адрес и достъп
Електронен формат pdf - файл
Път до файла /url/
942 ## - АРТИКУЛИ
Вид на библиотечния материал Книги
Скрит в OPAC Не
944 ## - СЪЗДАВАНЕ И РЕДАКЦИЯ на ЗАПИСА
Създаване/Редакция Създаване
Дата на регистрацията/редакция 13.06.2004
Служител, извършил регистрацията/редакцията Читалня
944 ## - СЪЗДАВАНЕ И РЕДАКЦИЯ на ЗАПИСА
Създаване/Редакция Редакция
Дата на регистрацията/редакция 26.09.2017
Служител, извършил регистрацията/редакцията Севдалина_Василева
999 ## - СИСТЕМНИ КОНТРОЛНИ НОМЕРА
Koha biblionumber 57228
Koha biblioitemnumber 57228
Наличности
Код за отписване Код за изгубен артикул Източник на класификационната схема Код за повреда Коз за рестрикции Код за отдаване Артикулен № Име на библиотеката - собственик Име на библиотеката, в която се намира в момента Статус (Текущо местоположение) Дата на вписване в системата Местоположение - отдел Цена в лева Инвентарен номер Систематично азбучна сигнатура Баркод Номер на екземпляра Цена в евро Служебна бележка Служебен тип на артикула Бележка за публиката
  Не е изгубен Universal Decimal Classification Не е повреден без рестрикции ползва се в читалня 92302 Регионална библиотека "Любен Каравелов" Русе Регионална библиотека "Любен Каравелов" Русе Читалня 1993-01-01 Читалня 20.00 564873 Ч 551.4/Н 74 120000564873 1 10.23 Дата инв: 16.03.2017 Бележки инв: Ч2017 Книги  
Изтеглен Не е изгубен Universal Decimal Classification Не е повреден без рестрикции заемане за дома 92303 Регионална библиотека "Любен Каравелов" Русе Регионална библиотека "Любен Каравелов" Русе Заемна - подръчен фонд 1991-01-01 Заемна - подръчен фонд 20.00 564871 П 551.4/Н 74 564871 2 10.23 Дост: Pk Вид: Ф N: стар фонд Дата: 01.01.1991 Книги  
Изтеглен Не е изгубен Universal Decimal Classification Не е повреден без рестрикции заемане за дома 92304 Регионална библиотека "Любен Каравелов" Русе Регионална библиотека "Любен Каравелов" Русе Заемна - подръчен фонд 1991-01-01 Заемна - подръчен фонд 20.00 564872 П 551.4/Н 74 564872 3 10.23 Дост: Pk Вид: Ф N: стар фонд Дата: 01.01.1991 Книги  
Изтеглен Не е изгубен   Не е повреден без рестрикции заемане за дома 92305 Регионална библиотека "Любен Каравелов" Русе Регионална библиотека "Любен Каравелов" Русе   1991-01-01 Детски отдел 20.00 564874 ДН 55/Н 74 564874 4 10.23 Дост: Pk Вид: Ф N: стар фонд Дата: 01.01.1991 Дата инв: 01.10.2015 Бележки инв: Д2015 Книги Отч.N: 39/2017 , Дата: 07.09.2017
  Не е изгубен Universal Decimal Classification Не е повреден без рестрикции ползва се в читалня 92306 Регионална библиотека "Любен Каравелов" Русе Регионална библиотека "Любен Каравелов" Русе Хранилище 1991-01-01 Хранилище 20.00 563334 Цб 167530 120000563334 5 10.23 Дост: Dp Вид: Д N: стар фонд Дата: 01.01.1991 Книги  
Vip Innovations Ltd, Rousse, Bulgaria 2025